00881 2200301 4500001002100000005001500021035002000036007000300056008004100059020002200100040002200122082001200144084001400156090002200170100003400192245005600226250002600282300003900308650001900347850001200366504002800378264005500406336002100461337003000482338002300512999002200535990002200557INLIS00000000087227520220826105613 a0010-0822000880ta220826s2020 yoia g ind d a978-602-6509-61-1 aYOPDYOGbinderda04223a781 a781 OVA t aCB-D.11 2020-37430 aOvan Bagus Jatmikaepengarang10aTeori musik II :bmusik tonal /cOvan Bagus Jatmika aCetakan pertama, 2020 axi, 112 halaman :bgambar ;c21 cm 4aMusik--xTeori aYOPDYOG aBibliografi halaman 11131aYogyakarta :bBadan Penerbit ISI Yogyakarta,c2020 2rdacontentateks 2rdamediaatanpa perantara 2rdacarrieravolume aCB-D.11/2020-3743 aCB-D.11/2020-3743